Popredné miesta v nezamestnanosti obsadili všetky tri okresy Gemera

Bibliographic Details
Main Author: Krausová, Stela (Author)
Format: Article
Language:Slovak
PhysicalDescription:1 foto, 1 tab.
Subjects:

MARC

LEADER 00000nab a2200000 a 4500
001 vtls001010658
003 SK-MaSNL
005 20260305033812.0
008 040720e20020822xo 0 slo
035 |a RV11258 
040 |a RVGKPD  |b slo  |c RVGKPD  |e AACR2 
041 0 |a slo 
044 |a xo  |c SK 
080 |a 331.56  |2 1981 
100 1 |a Krausová, Stela  |4 aut  |9 268152 
245 1 0 |a Popredné miesta v nezamestnanosti obsadili všetky tri okresy Gemera 
300 |b 1 foto, 1 tab. 
650 0 7 |a nezamestnanosť  |2 RVGKPD  |9 4271 
651 7 |a Rožňava (Slovensko : okres)  |2 RVGKPD  |9 19215 
651 7 |a Revúca (Slovensko : okres)  |2 RVGKPD  |9 56262 
651 7 |a Rimavská Sobota (Slovensko : okres)  |2 RVGKPD  |9 65043 
655 7 |a periodikum  |2 snkbucl  |9 29553 
773 0 8 |t Gemerský denník  |g Roč. 4, č.195, 22.8.2002, s. 1 
852 |a ZVYKNI  |b KIS3GCP 
999 |c 3326039  |d 3327969